| 000 | 01054nam a22003257a 4500 | ||
|---|---|---|---|
| 003 | CHAP | ||
| 005 | 20220329134200.0 | ||
| 008 | 971013s1971 r 00010 d | ||
| 010 | _a16646 | ||
| 011 | _a17618 | ||
| 035 | _a21701 | ||
| 040 | _cCHAP | ||
| 082 |
_a519.233 _bH6 |
||
| 100 | 0 | 0 |
_aHoward, Ronal A. _956485 |
| 245 | _aDynamic probabilistic systems | ||
| 260 |
_aNew York : _bWiley, _c1971 |
||
| 300 | _a2 v. | ||
| 490 | _aSeries in decision and control | ||
| 505 | _aContenido : v.1 Markov models .- v.2 Semi-markov and decision processes | ||
| 590 |
_aBATCH-UPD _b10 _c20130109 _lUCH01 _h2326 |
||
| 590 |
_aBATCH-UPD _b10 _c20130110 _lUCH01 _h1148 |
||
| 590 |
_aCONVERSION _b10 _c20130109 _lUCH01 _h1310 |
||
| 650 | 1 | 4 |
_aProbabilidades. _991687 |
| 650 | 1 | 4 |
_aProcesos de Markov. _991826 |
| 830 | 0 |
_aSeries in decision and control _9105130 |
|
| 901 | _aBK | ||
| 942 | _cLIBRO | ||
| 949 |
_a519.233 H6 _bBC _cLIBRO _d33724000126454 _eLIBRO _fv.2 _h1134 _i21701 _si |
||
| 949 |
_a519.233 H6 _bBC _cLIBRO _d33724000126462 _eLIBRO _fv.1 _h1125 _i21701 _si |
||
| 999 |
_c16646 _d16646 |
||